000 00655nam a2200277Ia 4500
005 20260324130547.0
008 008 260324s9999 xx 000 0 eng d
020 _a9781351159807
037 _aEBOOK
040 _aCRL
040 _beng
040 _cCRL
041 _2eng
041 _aeng
084 _qCRL
100 _aLall Ramrattan
_91182235
245 0 _aDistressed US Industries in the Era of Globalization
260 _bTaylor and Francis
260 _c2007
365 _a
365 _b230
856 _uhttp://www.taylorfrancis.com/books/9781351159807
942 _cEBOOK
999 _c1778515
_d1778515